Outward foreing direct investment wage rigidity and unemployment (Registro nro. 42329)
[ vista simple ]
| 000 -CABECERA | |
|---|---|
| Longitud fija campo de control | 01075naa a2200277 c 4500 |
| 001 - NÚMERO DE CONTROL | |
| Número de control | 42329 |
| 003 - IDENTIFICADOR DE NÚMERO DE CONTROL | |
| Identificador del número de control | ES-MaCES |
| 005 - FECHA Y HORA DE LA ÚLTIMA TRANSACCIÓN | |
| Fecha y hora de la última transacción | 20111122124000.0 |
| 008 - CAMPO FIJO DE DESCRIPCIÓN FIJA--INFORMACIÓN GENERAL | |
| Códigos de información de longitud fija | 111122n2011 xxud t 000 | eng d |
| 035 ## - NÚMERO DE CONTROL DEL SISTEMA | |
| Número de control del sistema | CES20110012216v |
| 040 ## - FUENTE DE CATALOGACIÓN | |
| Centro catalogador de origen | ES-MaCES |
| Lengua de catalogación | spa |
| Centro transcriptor | ES-MaCES |
| 100 1# - ENCABEZAMIENTO PRINCIPAL--NOMBRE PERSONAL | |
| Nombre de persona | Chen, Kun-Ming |
| 9 (RLIN) | 9547 |
| 245 10 - MENCIÓN DE TÍTULO | |
| Título | Outward foreing direct investment wage rigidity and unemployment |
| Resto del título | : a computable general equilibrium analysis |
| Mención de responsabilidad, etc. | Kun-Ming Chen |
| 650 #4 - ASIENTO SECUNDARIO DE MATERIA--TÉRMINO DE MATERIA | |
| Término de materia o nombre geográfico como elemento inicial | papel de Taiwán, China |
| 9 (RLIN) | 29181 |
| 650 #4 - ASIENTO SECUNDARIO DE MATERIA--TÉRMINO DE MATERIA | |
| Término de materia o nombre geográfico como elemento inicial | modelo econométrico |
| 9 (RLIN) | 29368 |
| 650 #4 - ASIENTO SECUNDARIO DE MATERIA--TÉRMINO DE MATERIA | |
| Término de materia o nombre geográfico como elemento inicial | industria orientada hacia la exportación |
| 9 (RLIN) | 27615 |
| 650 #4 - ASIENTO SECUNDARIO DE MATERIA--TÉRMINO DE MATERIA | |
| Término de materia o nombre geográfico como elemento inicial | desempleo estructural |
| 9 (RLIN) | 28306 |
| 650 #4 - ASIENTO SECUNDARIO DE MATERIA--TÉRMINO DE MATERIA | |
| Término de materia o nombre geográfico como elemento inicial | estabilización del mercado |
| 9 (RLIN) | 27901 |
| 650 #4 - ASIENTO SECUNDARIO DE MATERIA--TÉRMINO DE MATERIA | |
| Término de materia o nombre geográfico como elemento inicial | capital-riesgo |
| 9 (RLIN) | 31033 |
| 650 #4 - ASIENTO SECUNDARIO DE MATERIA--TÉRMINO DE MATERIA | |
| Término de materia o nombre geográfico como elemento inicial | administración financiera |
| 9 (RLIN) | 27208 |
| 653 10 - TÉRMINO DE INDEXACIÓN--NO CONTROLADO | |
| Término no controlado | Economía |
| 773 0# - ENTRADA DE DOCUMENTO FUENTE | |
| Título | The journal of international trade and economic development |
| Parte(s) relacionada(s) | vol. 20, no. 4 (Aug. 2011){10377 R. 079868}; p. 569-583 |
| Número de control del registro relacionado | (ES-MaCES)25387 |
| Itemnumber del ítem fuente | 54639 |
| 902 ## - CES. TIPO DE DOCUMENTO | |
| Tipodoc (006$c Sirtex) | ART Artículo de revista |
| 942 ## - ELEMENTOS KOHA | |
| Fuente de clasificaión o esquema | Clasificación propia del CES |
| Koha [por defecto] tipo de item | Artículos (1982-2017) |
| Parte de clasificación | 0.0. |
No hay ítems disponibles.
